00609 2200217 4500001002100000005001700021008004100038035002400079082001100103090002100114100001200135245007700147260003900224300002300263500002600286650002900312850001500341980001400356985000600370999001500376YOGYA-0209000002637720090227024042.0 ind  0010-020900000026377 a342.02 a342.02bSun UlT aSUNCOYO aUUD 1945 dalam baganbbahan Pedoman Penghayatan dan Pengamalan Pancasila aJakartabManggala BP-7 Pusatc1989 avii, 83 hlmc21 cm aBibliogrfai : hlm. 83 aUndang-Undang Dasar 1945 aYOPDYOG(B) a23-1-2007 a1 a06A0014514